Entreprenuership: The mindset and practice in digital era (Record no. 311850)
[ view plain ]
| 000 -LEADER | |
|---|---|
| fixed length control field | 00485 a2200181 4500 |
| 005 - DATE & TIME | |
| control field | 20240627124347.0 |
| 008 - FIXED-LENGTH DATA ELEMENTS--GENERAL INFORMATION | |
| fixed length control field | 240619b |||||||| |||| 00| 0 eng d |
| 020 ## - ISBN | |
| International Standard Book Number | 9788181525666 |
| Price | Rs. 1350.00 |
| 040 ## - CATALOGING SOURCE | |
| Original cataloging agency | VIVEKANANDA LIBRARY |
| 082 ## - DDC NUMBER | |
| Classification number | 338.04 |
| Book Number | G749E |
| 100 ## - MAIN ENTRY--PERSONAL NAME | |
| Personal name | Goyal, Mukta |
| 245 ## - TITLE STATEMENT | |
| Title | Entreprenuership: The mindset and practice in digital era |
| 260 ## - PUBLICATION, DISTRIBUTION, ETC. (IMPRINT) | |
| Name of publisher, distributor, etc | Book Enclave |
| Date of publication, distribution, etc | 2022 |
| Place of publication, distribution, etc | Jaipur |
| 300 ## - PHYSICAL DESCRIPTION | |
| Pages | viii, 184 |
| 650 ## - Subject | |
| Subject | Agriculture |
| 650 ## - Subject | |
| Subject | Entrepreneurship |
| 942 ## - ADDED ENTRY ELEMENTS (KOHA) | |
| Koha item type | Books |
| Withdrawn status | Lost status | Source of classification or shelving scheme | Damaged status | Not for loan | Location (home branch) | Sublocation or collection (holding branch) | Shelving location | Date acquired | Koha issues (times borrowed) | Koha full call number | Accession No. | Koha date last seen | Koha item type |
|---|---|---|---|---|---|---|---|---|---|---|---|---|---|
| Dewey Decimal Classification | VIVEKANANDA LIBRARY | VIVEKANANDA LIBRARY | UIET Library | 04/03/2024 | 1 | 338.04 G749E | 430290 | 08/09/2025 | Books |
